00795nam a22001937a 4500003000900000005001700009008004100026040001300067100004200080245006100122250001100183260006800194300001800262490009100280520008800371942001200459999001700471952011300488IT-RoPau20220918181105.0130506b xxu||||| |||| 00| 0 eng d cIT-RoPau aCentro di spiritualità paolina9518 a"Camminiamo anche noi in novità di vita"b(Rom. VI, 4) a1° ed aRomabCentro di spiritualità paolina Casa Divin Maestroc1975 a14 pp.c28 cm a"Camminiamo anche noi in novità di vita" vSupplemento al n° 18 di Novità di vIta aSommario Testimonianze: Pentecoste 1975 L'impressione di una Figlia di San Paolo 2ddccCR c98480d98480 00102ddc406P_C671aPAULUSbPAULUSd2013-05-06l0oP C6pSp. FP 18 br2013-05-06 00:00:00w2013-05-06yCR